[Event "Grosslobming FIDE GP (Women)"]
[Site "Grosslobming"]
[Date "2025.05.13"]
[Round "7"]
[White "Tan, Zhongyi"]
[Black "Javakhishvili, Lela"]
[Result "1-0"]
[WhiteElo "2536"]
[BlackElo "2430"]
[PlyCount "79"]
[EventDate "2025.05.06"]
[EventType "tourn"]
[EventRounds "9"]
[EventCountry "AUT"]
[EventCategory "10"]
[SourceTitle "CB21_2025"]
[SourceDate "2025.05.21"]
[SourceVersion "1"]
[SourceVersionDate "2025.05.21"]
[SourceQuality "1"]

1. e4 e5 2. Nf3 Nc6 3. Bc4 Bc5 4. c3 Nf6 5. d3 0-0 6. 0-0 d5 7. exd5 Nxd5 8. Re1 Bg4 9. h3 Bh5 10. Nbd2 Nb6 11. Bb3 Qxd3 12. Nxe5 Qf5 13. Nef3 Rad8 14. Qe2 Qc8 15. Ne4 Nd7 16. Bf4 Bb6 17. Qc2 Nc5 18. Nxc5 Bxc5 19. Nh4 Bd6 20. Bg5 Rde8 21. Qf5 Re5 22. Rxe5 Nxe5 23. Be3 Be2 24. Bd4 Bb5 25. Bxf7+ Nxf7 26. Qxb5 c5 27. Be3 Ne5 28. Rd1 Be7 29. f4 Nf7 30. Nf3 Qe6 31. Bf2 Nd6 32. Qxc5 Ne4 33. Qe5 Qxe5 34. fxe5 b5 35. Rd7 Nxf2 36. Kxf2 Bc5+ 37. Ke2 Rb8 38. b4 Bb6 39. Kd3 a5 40. a3 1-0

[Event "Grosslobming FIDE GP (Women)"]
[Site "Grosslobming"]
[Date "2025.05.08"]
[Round "3"]
[White "Muzychuk, Mariya"]
[Black "Javakhishvili, Lela"]
[Result "0-1"]
[WhiteElo "2494"]
[BlackElo "2430"]
[PlyCount "82"]
[EventDate "2025.05.06"]
[EventType "tourn"]
[EventRounds "9"]
[EventCountry "AUT"]
[EventCategory "10"]
[SourceTitle "CB21_2025"]
[SourceDate "2025.05.21"]
[SourceVersion "1"]
[SourceVersionDate "2025.05.21"]
[SourceQuality "1"]

1. e4 e5 2. Nf3 Nc6 3. Bc4 Bc5 4. 0-0 Nf6 5. d3 0-0 6. c3 d5 7. exd5 Nxd5 8. a4 a5 9. Nbd2 Nb6 10. Bb5 Bd6 11. Ne4 Bg4 12. Re1 Na7 13. h3 Bh5 14. Ng3 Bg6 15. h4 h6 16. h5 Bh7 17. Ne4 Nxb5 18. axb5 Re8 19. g3 Bf8 20. Qe2 Qd7 21. c4 Rad8 22. Rd1 Qg4 23. Nc3 Qxh5 24. Be3 Bf5 25. Ne1 Qg6 26. Rxa5 h5 27. Ra7 h4 28. Kg2 hxg3 29. fxg3 Bg4 30. Nf3 e4 31. dxe4 Rxd1 32. Qxd1 Nxc4 33. Qd4 Bxf3+ 34. Kxf3 Qh5+ 35. g4 Qh3+ 36. Ke2 Nxe3 37. Rxb7 Nxg4 38. b6 cxb6 39. Qxb6 Qg2+ 40. Ke1 Ra8 41. Rd7 Ne5 0-1

[Event "EU-ch (Women) 25th"]
[Site "Rhodes"]
[Date "2025.04.08"]
[Round "8"]
[White "Javakhishvili, Lela"]
[Black "Vega Gutierrez, Sabrina Neide"]
[Result "1-0"]
[WhiteElo "2426"]
[BlackElo "2380"]
[PlyCount "83"]
[EventDate "2025.03.31"]
[EventType "swiss"]
[EventRounds "11"]
[EventCountry "GRE"]
[SourceTitle "CB16_2025"]
[SourceDate "2025.04.16"]
[SourceVersion "1"]
[SourceVersionDate "2025.04.16"]
[SourceQuality "1"]

1. Nf3 d5 2. b3 Nf6 3. Bb2 Bf5 4. g3 e6 5. Bg2 h6 6. 0-0 Be7 7. d3 Bh7 8. Nbd2 0-0 9. Re1 a5 10. a3 c6 11. e4 Nbd7 12. Qe2 Qc7 13. Rac1 Rfd8 14. exd5 cxd5 15. Nd4 Qb6 16. a4 Ne8 17. Bxd5 Nf8 18. Nc4 Qc5 19. Bxe6 Bf6 20. b4 axb4 21. Nb3 Qc7 22. Bh3 Bxb2 23. Nxb2 Nd6 24. Qe5 b6 25. Qd4 Qc3 26. Qxc3 bxc3 27. Nd1 Rxa4 28. Nxc3 Ra7 29. Nd5 Rb7 30. Ra1 Kh8 31. Ra6 Bf5 32. Bxf5 Nxf5 33. Rxb6 Rxb6 34. Nxb6 Ne6 35. Kg2 Nfd4 36. Nxd4 Nxd4 37. c3 Nb5 38. c4 Nc3 39. Re3 Rd6 40. c5 Rd4 41. c6 Nb5 42. Re5 1-0

[Event "EU-ch (Women) 25th"]
[Site "Rhodes"]
[Date "2025.04.07"]
[Round "7"]
[White "Urh, Zala"]
[Black "Javakhishvili, Lela"]
[Result "0-1"]
[WhiteElo "2247"]
[BlackElo "2426"]
[PlyCount "92"]
[EventDate "2025.03.31"]
[EventType "swiss"]
[EventRounds "11"]
[EventCountry "GRE"]
[SourceTitle "CB16_2025"]
[SourceDate "2025.04.16"]
[SourceVersion "1"]
[SourceVersionDate "2025.04.16"]
[SourceQuality "1"]

1. d4 Nf6 2. c4 e6 3. Nc3 Bb4 4. e3 0-0 5. Bd3 d5 6. a3 Be7 7. cxd5 exd5 8. Nge2 b6 9. b4 c6 10. 0-0 Re8 11. Kh1 Bd6 12. f3 a5 13. b5 c5 14. Qe1 Nbd7 15. g4 Bb7 16. Qf2 Nf8 17. Ng3 Ne6 18. Nce2 a4 19. Bd2 g6 20. h3 Qe7 21. Rae1 cxd4 22. exd4 Bxa3 23. g5 Nd7 24. f4 Bb4 25. Bxb4 Qxb4 26. h4 f5 27. gxf6 Nxf6 28. f5 Ne4 29. Bxe4 dxe4 30. Qe3 Nf8 31. f6 Bd5 32. Qh6 Ra7 33. Nf4 Qd6 34. Nf5 e3+ 35. Kh2 gxf5 36. Rg1+ Ng6 37. Kh3 Qxf6 38. Nxd5 Qxd4 39. h5 Qh4+ 40. Kg2 Rg7 41. Nxe3 Nf4+ 42. Kf3 Qh3+ 43. Kf2 Nd3+ 44. Ke2 Qxe3+ 45. Qxe3 Rxe3+ 46. Kxe3 Nxe1 0-1

[Event "BL 2425 (Women)"]
[Site "Germany"]
[Date "2025.03.16"]
[Round "8.1"]
[White "Unuk, Laura"]
[Black "Javakhishvili, Lela"]
[Result "1/2-1/2"]
[WhiteElo "2312"]
[BlackElo "2422"]
[PlyCount "61"]
[EventDate "2024.11.16"]
[EventType "team-tourn"]
[EventRounds "11"]
[EventCountry "GER"]
[SourceTitle "CB14_2025"]
[SourceDate "2024.11.01"]
[SourceVersion "1"]
[SourceVersionDate "2024.11.01"]
[SourceQuality "1"]
[WhiteTeam "Harksheide (W)"]
[BlackTeam "Schwaebisch Hall (W)"]
[WhiteTeamCountry "GER"]
[BlackTeamCountry "GER"]

1. d4 Nf6 2. c4 e6 3. Nc3 d5 4. Nf3 Nbd7 5. g3 dxc4 6. Bg2 Be7 7. 0-0 0-0 8. e4 Rb8 9. a4 a6 10. Bf4 b5 11. axb5 axb5 12. Ra7 Rb7 13. Rxb7 Bxb7 14. Nxb5 Bxe4 15. Bxc7 Qa8 16. Nc3 Bc6 17. Qe2 Nd5 18. Nxd5 Bxd5 19. Ne1 Bf6 20. Bxd5 exd5 21. Nf3 Re8 22. Qd2 Qb7 23. Bf4 Nf8 24. Bd6 Ne6 25. Bb4 h6 26. Bc3 Nc7 27. Re1 Re6 28. Rxe6 Nxe6 29. Kg2 Ng5 30. Nxg5 hxg5 31. Qe3 1/2-1/2

[Event "BL 2425 (Women)"]
[Site "Germany"]
[Date "2025.02.15"]
[Round "5.2"]
[White "Javakhishvili, Lela"]
[Black "Sliwicka, Alicja"]
[Result "1-0"]
[WhiteElo "2422"]
[BlackElo "2380"]
[PlyCount "137"]
[EventDate "2024.11.16"]
[EventType "team-tourn"]
[EventRounds "11"]
[EventCountry "GER"]
[SourceTitle "CB14_2025"]
[SourceDate "2024.11.01"]
[SourceVersion "1"]
[SourceVersionDate "2024.11.01"]
[SourceQuality "1"]
[WhiteTeam "Schwaebisch Hall (W)"]
[BlackTeam "Rodewisch (W)"]
[WhiteTeamCountry "GER"]
[BlackTeamCountry "GER"]

1. c4 e6 2. Nf3 d5 3. g3 Nf6 4. Bg2 d4 5. 0-0 Nc6 6. d3 Bc5 7. Nbd2 h6 8. Nb3 Be7 9. e3 e5 10. exd4 exd4 11. Re1 0-0 12. Bf4 a5 13. Ne5 Nxe5 14. Bxe5 Bb4 15. Re2 Bg4 16. f3 Bh5 17. a3 Be7 18. Kh1 Bg6 19. Bxd4 a4 20. Bc5 Bd6 21. Bxd6 Qxd6 22. Nc1 h5 23. d4 h4 24. Re5 Rae8 25. c5 Qd7 26. Ne2 Nd5 27. Qd2 f6 28. Rxe8 Rxe8 29. gxh4 Ne3 30. Nf4 Bf5 31. Rg1 c6 32. Bf1 Nxf1 33. Rxf1 Kf7 34. h5 Qe7 35. Kg2 Qd7 36. Kg3 Bh7 37. h4 Bf5 38. Rd1 Qe7 39. Qc3 Qe3 40. Qxe3 Rxe3 41. Kf2 Rb3 42. Rd2 Be6 43. Ne2 Bd5 44. Nc3 Kf8 45. Kg3 Bf7 46. Kg4 Be6+ 47. Kf4 Bd5 48. Rf2 Kf7 49. Kf5 Be6+ 50. Ke4 Bc4 51. f4 Be6 52. f5 Bc4 53. Rd2 Ke7 54. d5 Bxd5+ 55. Nxd5+ cxd5+ 56. Kxd5 Kd7 57. Rg2 Rd3+ 58. Kc4 Rh3 59. Kb5 Rxh4 60. Rxg7+ Kc8 61. Kb6 Rh2 62. h6 Rxh6 63. Rg8+ Kd7 64. Kxb7 Rh7 65. c6+ Kd6+ 66. Kb6 Rh2 67. Rd8+ Ke7 68. c7 Rxb2+ 69. Ka5 1-0

[Event "Wch Blitz (Women)"]
[Site "New York"]
[Date "2024.12.30"]
[Round "2"]
[White "Balajayeva, Khanim Asad Qizi"]
[Black "Javakhishvili, Lela"]
[Result "0-1"]
[WhiteElo "2362"]
[BlackElo "2426"]
[PlyCount "72"]
[EventDate "2024.12.30"]
[EventType "swiss (blitz)"]
[EventRounds "11"]
[EventCountry "USA"]
[SourceTitle "CB01_2025"]
[SourceDate "2025.01.01"]
[SourceVersion "1"]
[SourceVersionDate "2025.01.01"]
[SourceQuality "1"]

1. e4 Nf6 2. e5 Nd5 3. d4 d6 4. c4 Nb6 5. exd6 exd6 6. Be2 Be7 7. h3 0-0 8. Nf3 Bf5 9. 0-0 Nc6 10. Nc3 Bf6 11. b3 a5 12. Be3 a4 13. Nxa4 Nxa4 14. bxa4 Qd7 15. Bd3 Bxd3 16. Qxd3 Rxa4 17. Bg5 Be7 18. Rfe1 h6 19. Bxe7 Nxe7 20. d5 Ng6 21. Re4 Rfa8 22. Qe2 b6 23. h4 Qf5 24. g4 Qf6 25. h5 Qxa1+ 26. Kg2 Ne5 27. Nxe5 dxe5 28. Rxe5 Rf8 29. g5 Rxa2 30. Qe4 Qb2 31. Rf5 hxg5 32. Qg4 f6 33. Rf3 Qe5 34. h6 gxh6 35. Qh5 Qe4 36. Qxh6 Ra3 0-1

[Event "Wch Blitz (Women)"]
[Site "New York"]
[Date "2024.12.30"]
[Round "11"]
[White "Javakhishvili, Lela"]
[Black "Fataliyeva, Ulviyya Hasil Qizi"]
[Result "1-0"]
[WhiteElo "2426"]
[BlackElo "2381"]
[PlyCount "55"]
[EventDate "2024.12.30"]
[EventType "swiss (blitz)"]
[EventRounds "11"]
[EventCountry "USA"]
[SourceTitle "CB01_2025"]
[SourceDate "2025.01.01"]
[SourceVersion "1"]
[SourceVersionDate "2025.01.01"]
[SourceQuality "1"]

1. Nf3 d5 2. b3 Nf6 3. Bb2 e6 4. e3 b6 5. d4 Bb7 6. Bd3 Bb4+ 7. Nbd2 Ne4 8. 0-0 0-0 9. c4 Nd7 10. Rc1 Be7 11. Qc2 Nxd2 12. Nxd2 Nf6 13. cxd5 exd5 14. Qxc7 Rb8 15. Nf3 Qe8 16. Ne5 Qd8 17. Qxd8 Rfxd8 18. Nc6 Bxc6 19. Rxc6 Bd6 20. Rfc1 Kf8 21. h3 Ke7 22. a4 g6 23. g4 Kd7 24. R6c2 h5 25. f3 h4 26. e4 Bf4 27. Bb5+ Ke7 28. Ba3+ 1-0

[Event "Wch Rapid (Women)"]
[Site "New York"]
[Date "2024.12.28"]
[Round "9"]
[White "Javakhishvili, Lela"]
[Black "Pourkashiyan, Atousa"]
[Result "1-0"]
[WhiteElo "2321"]
[BlackElo "2277"]
[PlyCount "61"]
[EventDate "2024.12.26"]
[EventType "swiss (rapid)"]
[EventRounds "11"]
[EventCountry "USA"]
[SourceTitle "CB01_2025"]
[SourceDate "2025.01.01"]
[SourceVersion "1"]
[SourceVersionDate "2025.01.01"]
[SourceQuality "1"]

1. Nf3 d5 2. b3 Nf6 3. Bb2 c5 4. e3 e6 5. d4 cxd4 6. exd4 Bd6 7. Bd3 0-0 8. 0-0 Nc6 9. Nbd2 b6 10. a3 Bb7 11. Qe2 Rc8 12. Ne5 Ne7 13. f4 Bb8 14. g4 a6 15. Rf3 g6 16. Rh3 b5 17. Rf1 a5 18. f5 exf5 19. gxf5 b4 20. Qe3 Bxe5 21. dxe5 Ng4 22. Qf4 h5 23. f6 Nc6 24. Rxh5 Qb6+ 25. Kh1 Qe3 26. Qxg4 Nxe5 27. Rxe5 Qxd2 28. Bxg6 Qh6 29. Bd3+ Kh8 30. Rh5 d4+ 31. Kg1 1-0

[Event "ESP-chT CECLUB Honor"]
[Site "Melilla"]
[Date "2024.10.16"]
[Round "5.17"]
[White "Javakhishvili, Lela"]
[Black "Lin, Ying Rui"]
[Result "0-1"]
[WhiteElo "2425"]
[BlackElo "2378"]
[PlyCount "146"]
[EventDate "2024.10.12"]
[EventType "team-tourn"]
[EventRounds "7"]
[EventCountry "ESP"]
[SourceTitle "CB43_2024"]
[Source "Chessbase"]
[SourceDate "2024.10.23"]
[SourceVersion "1"]
[SourceVersionDate "2024.10.23"]
[SourceQuality "1"]
[WhiteTeam "Solvay"]
[BlackTeam "Benalmadena Ambiente"]
[WhiteTeamCountry "ESP"]
[BlackTeamCountry "ESP"]

1. d4 Nf6 2. c4 g6 3. Nc3 d5 4. Nf3 Bg7 5. Bg5 Ne4 6. Bf4 Nxc3 7. bxc3 dxc4 8. e3 b5 9. Ne5 Bxe5 10. Bxe5 f6 11. Bf4 Bb7 12. Qb1 a6 13. a4 Nd7 14. f3 Bc6 15. e4 Nb6 16. axb5 axb5 17. Rxa8 Nxa8 18. Qb4 e6 19. Qc5 Qd7 20. g3 g5 21. Bc1 Qd6 22. Qa7 Nb6 23. Ba3 Qd8 24. Bh3 Kf7 25. 0-0 h5 26. Bb4 h4 27. Bg4 hxg3 28. hxg3 Qb8 29. Qa2 Qa8 30. Qe2 Qg8 31. d5 Bd7 32. Ba5 Qh7 33. dxe6+ Bxe6 34. Bxe6+ Kxe6 35. Qg2 Na4 36. f4 gxf4 37. Rxf4 Qh3 38. Bxc7 Qxg2+ 39. Kxg2 Nxc3 40. Ba5 Na4 41. Rf5 Rb8 42. Bc7 Rc8 43. Ba5 c3 44. Rxb5 c2 45. Bd2 c1Q 46. Bxc1 Rxc1 47. Kf3 Rc5 48. Rb4 Nc3 49. Kf4 Nb5 50. g4 Nd6 51. Ra4 Re5 52. Rd4 Nf7 53. Ra4 Ng5 54. Rd4 Kf7 55. Ra4 Kg6 56. Rb4 Ne6+ 57. Kf3 Nc5 58. Rb5 Kg5 59. Ra5 Nb3 60. Ra2 Ra5 61. Rh2 Re5 62. Rh5+ Kg6 63. Kf4 Nc5 64. Rh8 Rxe4+ 65. Kf3 Re5 66. Rg8+ Kf7 67. Rh8 Ne6 68. Ra8 Ng5+ 69. Kf2 Re4 70. Kg3 Re3+ 71. Kf2 Rb3 72. Ra4 Kg6 73. Ra5 Nf7 0-1

[Event "Olympiad Women-45"]
[Site "Budapest"]
[Date "2024.09.16"]
[Round "6.3"]
[White "Munguntuul, Batkhuyag"]
[Black "Javakhishvili, Lela"]
[Result "1/2-1/2"]
[WhiteElo "2346"]
[BlackElo "2446"]
[PlyCount "100"]
[EventDate "2024.09.11"]
[EventType "team-swiss"]
[EventRounds "11"]
[EventCountry "HUN"]
[SourceTitle "EXT 2025"]
[Source "ChessBase"]
[SourceDate "2024.10.14"]
[SourceVersion "1"]
[SourceVersionDate "2024.10.14"]
[SourceQuality "1"]
[WhiteTeam "Mongolia (W)"]
[BlackTeam "Georgia (W)"]
[WhiteTeamCountry "MGL"]
[BlackTeamCountry "GEO"]

1. e4 e5 2. Nf3 Nc6 3. Bb5 a6 4. Ba4 Bc5 5. c3 Nge7 6. 0-0 Ng6 7. d4 Ba7 8. Bg5 f6 9. Be3 0-0 10. Nbd2 Kh8 11. Re1 exd4 12. Nxd4 Nxd4 13. cxd4 d5 14. Qh5 Be6 15. Bc2 Qd7 16. h3 Bf7 17. e5 fxe5 18. dxe5 d4 19. Bf5 Qe8 20. Bg5 Be6 21. Be4 Bf5 22. e6 d3 23. Nf3 Bxe4 24. Rxe4 Ne5 25. Qxe8 Nxf3+ 26. gxf3 Raxe8 27. Kg2 Rf5 28. Bd2 Bc5 29. Bc3 Kg8 30. Rd1 Rg5+ 31. Rg4 Rxg4+ 32. fxg4 Rxe6 33. Rxd3 Bd6 34. f4 Bxf4 35. Rd8+ Kf7 36. Rd7+ Re7 37. Rxe7+ Kxe7 38. Bxg7 Ke6 39. Kf3 Bc1 40. Ke4 Bg5 41. Be5 c5 42. a4 b5 43. axb5 axb5 44. b3 c4 45. bxc4 bxc4 46. Bc3 h5 47. gxh5 Bf6 48. Bxf6 Kxf6 49. h4 Kg7 50. Kd4 Kh6 1/2-1/2

[Event "Olympiad Women-45"]
[Site "Budapest"]
[Date "2024.09.14"]
[Round "4.10"]
[White "Avramidou, Anastasia"]
[Black "Javakhishvili, Lela"]
[Result "1/2-1/2"]
[WhiteElo "2290"]
[BlackElo "2446"]
[PlyCount "79"]
[EventDate "2024.09.11"]
[EventType "team-swiss"]
[EventRounds "11"]
[EventCountry "HUN"]
[SourceTitle "EXT 2025"]
[Source "ChessBase"]
[SourceDate "2024.10.14"]
[SourceVersion "1"]
[SourceVersionDate "2024.10.14"]
[SourceQuality "1"]
[WhiteTeam "Greece (W)"]
[BlackTeam "Georgia (W)"]
[WhiteTeamCountry "GRE"]
[BlackTeamCountry "GEO"]

1. d4 Nf6 2. c4 e6 3. Nf3 d5 4. g3 Bb4+ 5. Bd2 a5 6. Bg2 0-0 7. 0-0 dxc4 8. Qc2 b5 9. a4 Bxd2 10. Nfxd2 c6 11. axb5 Nd5 12. Qxc4 cxb5 13. Qxb5 Ba6 14. Qxa5 Nc6 15. Qxd8 Rfxd8 16. Nb3 Bxe2 17. Rxa8 Rxa8 18. Rc1 Nce7 19. Nc3 Bg4 20. Nxd5 Nxd5 21. Nc5 h5 22. Be4 Be2 23. Nd3 Rb8 24. Bxd5 Bxd3 25. Bf3 Bg6 26. Rc5 h4 27. gxh4 Rxb2 28. h5 Bf5 29. Kg2 Rd2 30. d5 exd5 31. Rxd5 Rxd5 32. Bxd5 Bg4 33. Bf3 Be6 34. Kg3 Kh7 35. Kh4 Kh6 36. Be2 f6 37. Bf3 Bf7 38. Be2 Be6 39. Bf3 Bf7 40. Be2 1/2-1/2

[Event "Tbilisi FIDE GP (Women)"]
[Site "Tbilisi"]
[Date "2024.08.18"]
[Round "4"]
[White "Javakhishvili, Lela"]
[Black "Vaishali, Ramesh Babu"]
[Result "1/2-1/2"]
[WhiteElo "2451"]
[BlackElo "2506"]
[PlyCount "92"]
[EventDate "2024.08.14"]
[EventType "tourn"]
[EventRounds "9"]
[EventCountry "GEO"]
[EventCategory "10"]
[SourceTitle "EXT 2025"]
[Source "ChessBase"]
[SourceDate "2024.10.14"]
[SourceVersion "1"]
[SourceVersionDate "2024.10.14"]
[SourceQuality "1"]

1. d4 d5 2. c4 e6 3. Nc3 Nf6 4. Nf3 Nbd7 5. cxd5 exd5 6. Bg5 Bb4 7. e3 c5 8. Qa4 0-0 9. dxc5 Bxc3+ 10. bxc3 Nxc5 11. Qb4 b6 12. Be2 Re8 13. 0-0 h6 14. Bh4 Re4 15. Qb2 Ba6 16. Bxa6 Nxa6 17. Rfd1 Rc8 18. Bxf6 Qxf6 19. Rxd5 Qxc3 20. Qxc3 Rxc3 21. Nd4 Nc5 22. g3 Ra3 23. Nb5 Ra5 24. Nd4 Ra3 25. Nb5 Ra5 26. Nd4 Ra4 27. Kg2 g6 28. Kf3 Re8 29. g4 Ne6 30. h4 Kg7 31. Nxe6+ Rxe6 32. Rd4 Ra3 33. Rd2 Rc6 34. Rb1 Rc5 35. Rb4 g5 36. hxg5 hxg5 37. Re4 a5 38. Re7 Rc6 39. Rb7 Kg6 40. Rb2 f6 41. Rd2 f5 42. Rb2 fxg4+ 43. Kxg4 Ra4+ 44. Kg3 Kh5 45. R7xb6 Rxb6 46. Rxb6 Rxa2 1/2-1/2

[Event "Tbilisi FIDE GP (Women)"]
[Site "Tbilisi"]
[Date "2024.08.16"]
[Round "2"]
[White "Javakhishvili, Lela"]
[Black "Assaubayeva, Bibissara"]
[Result "1/2-1/2"]
[WhiteElo "2451"]
[BlackElo "2470"]
[PlyCount "104"]
[EventDate "2024.08.14"]
[EventType "tourn"]
[EventRounds "9"]
[EventCountry "GEO"]
[EventCategory "10"]
[SourceTitle "EXT 2025"]
[Source "ChessBase"]
[SourceDate "2024.10.14"]
[SourceVersion "1"]
[SourceVersionDate "2024.10.14"]
[SourceQuality "1"]

1. d4 Nf6 2. c4 e6 3. Nf3 d5 4. Nc3 c6 5. cxd5 exd5 6. Qc2 g6 7. h3 Bf5 8. Qb3 Qb6 9. g4 Be6 10. Bf4 h5 11. g5 Nfd7 12. e3 Na6 13. Qc2 Bf5 14. Qd2 Be7 15. Bg2 0-0 16. Nh4 Be6 17. 0-0 Qd8 18. e4 dxe4 19. Bxe4 Nc7 20. Rfe1 Nd5 21. Nxd5 Bxd5 22. Bxd5 cxd5 23. Qd3 Bxg5 24. Nxg6 Bxf4 25. Nxf4 Qg5+ 26. Qg3 Qxg3+ 27. fxg3 Nf6 28. Re5 Rfd8 29. Rf1 Rd6 30. Nxh5 Nxh5 31. Rxh5 Rc8 32. Rhf5 Rd7 33. Kg2 Rc2+ 34. R1f2 Rc1 35. h4 Rd1 36. R5f4 Rc7 37. Rg4+ Kh7 38. h5 Kh6 39. Rh4 Re7 40. Rf6+ Kg7 41. Rf2 Kh6 42. b3 b6 43. Rc2 Ree1 44. Rf2 Rg1+ 45. Kf3 Rd3+ 46. Ke2 Rdxg3 47. Rxf7 R1g2+ 48. Rf2 Rxf2+ 49. Kxf2 Rc3 50. Rf4 Kg5 51. Rf7 Rc2+ 52. Ke3 Rxa2 1/2-1/2